00673cam a2200229 a 4500001000500000005001700005020001500022040002300037050002200060082001000082100001900092245006100111250002800172260003300200300004600233505000800279520006500287521002000352521002000372650002100392700003000413294420250718095159.0 a0670058831 aDLCcDLCdDLCbeng00aPZ7.M26573b 200300a813.61 aMadonnad1958-10aMr. Peabody's Apples / cby Madonna ; art by Loren Long. aFirst published in 2003 aNew York :bCallaway ,c2003 a28 pages :bcolor illustrations ;c27 cm. aR  aA boy learns a lesson about the destructive power of gossip. a690 bLexile  aR bRaz-Plus  1aGossipvFiction.1 aLong, Loreneillustrator